| 000 | 01142nam a2200217Ia 4500 | ||
|---|---|---|---|
| 008 | 220216s9999 xx 000 0 und d | ||
| 100 | _aSeneviratne P | ||
| 245 | 0 | _aSomatic embryogenesis for Hevea: The technique of anther culture | |
| 260 |
_bJournal of the Rubber Research Institute of Sri Lanka _c1996 |
||
| 300 | _a79-88 | ||
| 520 | _aProduction of pollen plants via somatic embryogenesis might be cultivar dependent as successful production of pollen plants is reported only by Chinese Scientists. None of the locally available clones of Hevea produced even somatic embryos. The slow progress made on adoptation of this technique suggests difficulties in reproducing, may be due to various critical factors involved in the process. The rate of callus formation was influenced by the amount of auxins and cytokinins in the medium and the presence of both types was important for initiation of callus | ||
| 650 | _aAnther | ||
| 650 | _aHevea | ||
| 650 | _aRubber | ||
| 650 | _aSomatic embryogenesis | ||
| 700 | _ade Zoysa G M | ||
| 700 | _aNugawela A | ||
| 700 | _aWijesekera G A S | ||
| 700 | _aWithanage S P | ||
| 942 | _cJS | ||
| 999 |
_c68905 _d68905 |
||